书目信息 |
| 书名: | Unit operations of chemical engineering | |
| 作者: | Warren L. McCabe, Julian C. Smith | |
| 分册号: | ||
| 分册名: | 出版地: | New York : |
|
| 出版社: | McGraw-Hill | |
| 出版时间: | 2005. | |
| 页数: | viii, 1140p : | |
| 开本: | 25 cm. | |
| 丛书名: | ||
| 中图分类号: | ||
| 科图分类号: | ||
| 其他分类号: | TQ02 | |
| 主题词: | ||
| 电子资源: | ||
| 000 | 01108nam 2200313 a 4500 | |
| 001 | E0761365809 | |
| 005 | 20070707170356.37 | |
| 008 | uu | |
| 008 | 00110 eng | |
| 008 | 2005 | |
| 010 | @a75012941 //r862 | |
| 020 | @a0070448256. | |
| 049 | @aN5LA | |
| 050 | 0 | @aTP155.7 @b.M3 1976 |
| 082 | @a660.2/842 | |
| 090 | @a2/TQ02/MWL/ 1976//////////////851953/+901425/-26/ cop.2-3/955952/ cop.4 | |
| 090 | @aTQ02 | |
| 096 | @aTQ02 @v2 | |
| 099 | @dTQ02@ex4=7 | |
| 100 | 10 | @aMcCabe, Warren L. @q(Warren Lee), @d1899- |
| 245 | 10 | @aUnit operations of chemical engineering / @cWarren L. McCabe, Julian C. Smith |
| 250 | @a7th ed. | |
| 260 | 0 | @aNew York :@bMcGraw-Hill,@c2005. |
| 300 | @aviii, 1140p :@bill. ;@c25 cm. | |
| 490 | 0 | @aMcGraw-Hill chemical engineering series |
| 504 | @aIncludes bibliographies and index. | |
| 650 | 0 | @aChemical processes. |
| 700 | 10 | @aSmith, Julian C. @q(Julian Cleveland), @d1919- , @ejoint author. @b00 @c20020930 @lNLC09 @h2247 @b00 @c20021126 @lNLC09 @h1042 @lNLC09 @h2309 @lNLC09 @h1900 |
| 852 | 9 | @bWWJC @cJ08S @k2 @hTQ02 @iMWL/1976 |
| Unit operations of chemical engineering / / Warren L. McCabe, Julian C. Smith.-7th ed.-New York : : McGraw-Hill, , 2005. |
| viii, 1140p : : ill. ; ; 25 cm.- (McGraw-Hill chemical engineering series ) |
| Includes bibliographies and index. |
| ISBN 0070448256. |
| ● |
| 相关链接 |
|
|
|
|
正题名:Unit operations of chemical engineering
索取号:TQ02/x4=7
 
预约/预借
| 序号 | 登录号 | 条形码 | 馆藏地/架位号 | 状态 | 备注 |
| 1 | 0011149 | 300111493 | 第二样本阅览室/ [索取号:TQ02/x4=7] | 在馆 | |
| 2 | 0011150 | 300111509 | 第四借阅区/ [索取号:TQ02/x4=7] | 在馆 | |
| 3 | 0011151 | 300111518 | 第四借阅区/ [索取号:TQ02/x4=7] | 在馆 | |
| 4 | 0011152 | 300111527 | 第四借阅区/ [索取号:TQ02/x4=7] | 在馆 |